| 000 | 00348nam a2200133Ia 4500 | ||
|---|---|---|---|
| 008 | 240624s9999 xx 000 0 und d | ||
| 041 | _aeng | ||
| 082 | _a658.421 DEO | ||
| 100 | _aDEODHAR SHIRISH | ||
| 245 | _aFROM ENTREPRENEURS TO LEADERS BUILDING B | ||
| 260 |
_c2010 _aNew Delhi _bMcGraw-Hill Companies |
||
| 300 | _a268 : p. | ||
| 365 |
_cRS _b30 |
||
| 999 |
_c15378 _d15378 |
||